000
00369nam a2200145Ia 4500
008
230718s9999 xx 000 0 und d
041
_a
Eng.
082
_a
520
_b
بھا-ا
100
_a
بھائی کے منو
245
0
_a
اج نیابت نہیں آتی
260
_a
Pakistan
_b
اردو سائنس بورکی
_c
2008
300
_a
192
650
_a
Law
999
_c
28874
_d
28874